|
|
|
|
| LEADER |
00000nam a2200000Ii 4500 |
| 001 |
DIGUCAUCA0069 |
| 003 |
NyNyDIG |
| 007 |
cr ||||||||||| |
| 008 |
210830s2017 ck a ob 001 0dspa d |
| 006 |
m o d |
| 035 |
|
|
|a (OCoLC)1253291658
|
| 040 |
|
|
|a DGITA
|b eng
|e rda
|e pn
|c DGITA
|
| 020 |
|
|
|z 9789587322446
|
| 043 |
|
|
|a s-ck---
|
| 050 |
1 |
4 |
|a HC197 ebook
|
| 082 |
1 |
4 |
|a 330.9861
|
| 100 |
1 |
|
|a Velásquez Forero, Augusto,
|e author.
|
| 245 |
1 |
0 |
|a Globalización neoliberal y reconfiguración capitalista en Colombia /
|c Augusto Velásquez Forero.
|
| 264 |
|
1 |
|a Popayán, Colombia :
|b Editorial Universidad del Cauca,
|c [2017]
|
| 300 |
|
|
|a 1 online resource :
|b illustrations.
|
| 336 |
|
|
|a text
|b txt
|2 rdacontent
|
| 337 |
|
|
|a computer
|b c
|2 rdamedia
|
| 338 |
|
|
|a online resource
|b cr
|2 rdacarrier
|
| 347 |
|
|
|a text file
|2 rdaft
|
| 347 |
|
|
|b PDF
|
| 504 |
|
|
|a Includes bibliographical references and index.
|
| 588 |
0 |
|
|a Online resource; title from PDF title page (Digitalia, viewed August 30, 2021)
|
| 650 |
|
0 |
|a Capitalism
|z Colombia.
|
| 650 |
|
0 |
|a Neoliberalism
|z Colombia.
|
| 650 |
|
0 |
|a Globalization
|x Economic aspects
|z Colombia.
|
| 651 |
|
0 |
|a Colombia
|x Economic conditions
|y 1970-
|
| 651 |
|
0 |
|a Colombia
|x Politics and government
|y 1974-
|
| 655 |
|
0 |
|a Electronic books.
|
| 791 |
2 |
|
|a Digitalia (Firm),
|e distributor.
|
| 793 |
0 |
|
|g Digitalia eBook Collection:
|a Editorial Universidad del Cauca
|
| 776 |
0 |
8 |
|i Print version:
|a Velásquez Forero, Augusto.
|t Globalización neoliberal y reconfiguración capitalista en Colombia.
|b 1a. edición.
|d Popayán, Colombia : Editorial Universidad del Cauca, [2017]
|z 9789587322446
|w (OCoLC)1033621812
|
| 856 |
4 |
0 |
|3 Digitalia Hispánica
|u https://www.digitaliapublishing.com/a/82803/
|
| 910 |
|
|
|a Premium collection: 2021
|